00546nam a2200181Ia 450000500170000000800410001702000240005804000190008204100120010108200160011310000140012924500550014325000590019826000480025730000120030565000370031785000100035420231208102209.0131103s9999 xx 000 0 und d a052128580 1cRs.980 aLoreto College aEnglish a421.52bBAK aBaker,Ann aIntroducing English Pronunciation, b cAnn Baker aa teacher's guide to Tree or Three? and Ship or Sheep  aCambridgebCambridge University Pressc1982 a155 p.  aEnglish Language - Pronunciation aLCLIB